Read aloud Bible stories; Vol. 2. (Record no. 15496)

000 -LEADER
fixed length control field 00721nam a2200229 a 4500
001 - CONTROL NUMBER
control field :::00014334$&:&@@
003 - CONTROL NUMBER IDENTIFIER
control field OkBaRHE
005 - DATE AND TIME OF LATEST TRANSACTION
control field 20000829160128.0
008 - FIXED-LENGTH DATA ELEMENTS--GENERAL INFORMATION
fixed length control field s1982 j 000 0 eng u
020 ## - INTERNATIONAL STANDARD BOOK NUMBER
International Standard Book Number 0802471641 (v. 2)\0802471633
040 ## - CATALOGING SOURCE
Transcribing agency
100 1# - MAIN ENTRY--PERSONAL NAME
Personal name Lindvall, Ella K.
245 10 - TITLE STATEMENT
Title Read aloud Bible stories; Vol. 2.
260 ## - PUBLICATION, DISTRIBUTION, ETC. (IMPRINT)
Place of publication, distribution, etc Chicago, IL., :
Name of publisher, distributor, etc Moody Press
Date of publication, distribution, etc c1982
300 ## - PHYSICAL DESCRIPTION
Extent col. illus. ;
Dimensions 28 cm.
650 ## - SUBJECT ADDED ENTRY--TOPICAL TERM
Topical term or geographic name as entry element Bible Stories
General subdivision English
650 ## - SUBJECT ADDED ENTRY--TOPICAL TERM
Topical term or geographic name as entry element Bible Stories
General subdivision New Testament
700 ## - ADDED ENTRY--PERSONAL NAME
Personal name Puckett, H. Kent, Illus.
700 ## - ADDED ENTRY--PERSONAL NAME
Personal name Renczenski, Ken, Illus.
942 ## - ADDED ENTRY ELEMENTS (KOHA)
Source of classification or shelving scheme
Koha item type Books
Copies
Copy number Source of classification or shelving scheme Price effective from Damaged status Shelving location Not for loan Permanent Location Full call number Barcode Lost status Koha item type Withdrawn status Date acquired Date last seen
1 2010-04-14 General Stacks RHEMA Bible Training CollegeBS 551.2 .L4814334 Books 2010-04-142018-02-20